LEADER 03553nam 2200625 a 450 001 9910790044103321 005 20230331010917.0 010 $a1-283-12180-8 010 $a9786613121806 010 $a90-272-8476-8 035 $a(CKB)2670000000083723 035 $a(EBL)690440 035 $a(OCoLC)723945398 035 $a(SSID)ssj0000523772 035 $a(PQKBManifestationID)11371098 035 $a(PQKBTitleCode)TC0000523772 035 $a(PQKBWorkID)10542495 035 $a(PQKB)11377445 035 $a(MiAaPQ)EBC690440 035 $a(Au-PeEL)EBL690440 035 $a(CaPaEBR)ebr10470284 035 $a(EXLCZ)992670000000083723 100 $a19910416d1991 uy 0 101 0 $aeng 135 $aurcn||||||||| 181 $ctxt 182 $cc 183 $acr 200 00$aLanguage planning$b[electronic resource] /$fedited by David F. Marshall 210 $aAmsterdam ;$aPhiladelphia $cJ. Benjamins Pub. Co.$d1991 215 $a1 online resource (370 p.) 225 1 $aFocusschrift in honor of Joshua A. Fishman on the occasion of his 65th birthday ;$vv. 3 300 $aDescription based upon print version of record. 311 $a1-55619-118-9 311 $a90-272-2082-4 320 $aIncludes bibliographical references and index. 327 $aLANGUAGE PLANNING; Editorial page; Title page; Copyright page; Preface; Acknowledgements; Table of contents; Introduction: To Honor a Man and His Calling; Joshua A. Fishmaii on Language Planning: ""'Brotherhood' Does Not Mean Uniformity""; Multi-Disciplined Language Planning; Towards a Sociology of Language Planning; Language Planning and Social Change: Ecological Speculations; Empirical and Theoretical Advances in Macro Studies as a Basis for Language Planning and Social Development; Towards a Language Policy for the European Community 327 $aLanguage Planning in India: Problems, Approaches and Prospects The Political and Sociolinguistics of Status Planning in Africa; The Handicaps of Language Planning in Africa; French Colonial Language Policies in Africa and Their Legacies; The ""Back to the Future'' Syndrome in Language Planning: The Case of Modern Hebrew; Language Maintenance and Language Shift in the Cuban American Community of Miami: The 1990's and Beyond; Yiddish Military Terminology: A Case of Non-Institutionalized Language Standardization; Terminological Change within a Language Planning Framework; References; Contributors 327 $aIndex 330 $aThis volume begins with an overview of Joshua A. Fishman's extensive work and influence in the field of language planning. The other papers link language planning with weighty issues such as politics, ecology, and national development. More specific papers deal with the problems of political and social intricacies of language planning in the European Community, in India, on the African continent, in Israel, Cuba and Quebec. Two papers deal with corpus planning from a lexicological (Yiddish) and terminological point of view. 410 0$aFocusschrift in honor of Joshua A. Fishman on the occasion of his 65th birthday ;$vv. 3. 606 $aLanguage planning 606 $aLanguage policy 615 0$aLanguage planning. 615 0$aLanguage policy. 676 $a306.4/49 701 $aMarshall$b David F$01543708 701 $aFishman$b Joshua A$0127036 801 0$bMiAaPQ 801 1$bMiAaPQ 801 2$bMiAaPQ 906 $aBOOK 912 $a9910790044103321 996 $aLanguage planning$93797290 997 $aUNINA LEADER 02687nam 22005534a 450 001 9910830155503321 005 20230721030020.0 010 $a1-280-93543-X 010 $a9786610935437 010 $a0-470-18128-1 010 $a0-470-18127-3 035 $a(CKB)1000000000356893 035 $a(EBL)309758 035 $a(OCoLC)476092046 035 $a(SSID)ssj0000196540 035 $a(PQKBManifestationID)11169313 035 $a(PQKBTitleCode)TC0000196540 035 $a(PQKBWorkID)10143202 035 $a(PQKB)10364963 035 $a(MiAaPQ)EBC309758 035 $a(EXLCZ)991000000000356893 100 $a20070402d2007 uy 0 101 0 $aeng 135 $aur|n|---||||| 181 $ctxt 182 $cc 183 $acr 200 10$aManagement of data in clinical trials$b[electronic resource] /$fEleanor McFadden 205 $a2nd ed. 210 $aHoboken, N.J. $cWiley-Interscience$dc2007 215 $a1 online resource (206 p.) 225 1 $aWiley series in probability and statistics 300 $aDescription based upon print version of record. 311 $a0-470-04608-2 320 $aIncludes bibliographical references (p. 180) and index. 327 $aIntroduction -- Study design and planning -- Data definition, forms, and database design -- Computer systems for data management and data entry -- Patient registration -- Local data management systems -- Central quality control of data -- Data management and good clinical practice -- Software tools for trials management -- Follow-up and close-out phase -- Training, education, and documentation -- Clinical trials collaboration models. 330 $aA valuable new edition of the trusted, practical guide to managing data in clinical trialsRegardless of size, type, or complexity, accurate results for any clinical trial are ultimately determined by the quality of the collected data. Management of Data in Clinical Trials, Second Edition explores data management and trial organization as the keys to developing an accurate and reliable clinical trial. With a focus on the traditional aspects of data collection as well as recent advances in technology, this new edition provides a complete and accessible guide to the management structure o 410 0$aWiley series in probability and statistics. 606 $aClinical trials$xData processing 615 0$aClinical trials$xData processing. 676 $a615.50724 700 $aMcFadden$b Eleanor$f1948-$01698201 801 0$bMiAaPQ 801 1$bMiAaPQ 801 2$bMiAaPQ 906 $aBOOK 912 $a9910830155503321 996 $aManagement of data in clinical trials$94079497 997 $aUNINA